Sports Quiz

Random Sports or MLB Quiz

“I Got It!” Infamous Sports Images Quiz Stats

Quiz Updated May 12, 2015

Also try: Sports in Motion
Challenge
Share
Tweet
Score 0/25 Timer 07:00
4 Plays Today
% Correct
Head
95.1%
Tyson
94.2%
Marathon
83.2%
Nail
80%
Oilers
79.9%
Bogey
79%
Spit
77.6%
Perfect
76.1%
Band
75.2%
God
74.6%
Pine
74.4%
Cubs
74.4%
Wrong
72.8%
% Correct
Johnson
71.9%
Knight
71.3%
Martinez
71.2%
Webber
66.5%
Buckner
65.5%
Ohio
62.3%
Lett
56.6%
Suárez
55%
Zidane
54.5%
Valentine
53.5%
Snowboard
46.3%
Irwin
40.3%

You're not logged in!

Compare scores with friends on all Sporcle quizzes.
Join for Free
OR
Log In

You Might Also Like...

Show Comments

Extras

Top Quizzes Today


Score Distribution

Your Account Isn't Verified!

In order to create a playlist on Sporcle, you need to verify the email address you used during registration. Go to your Sporcle Settings to finish the process.

Report this User

Report this user for behavior that violates our Community Guidelines.

Details: